Statistics for Regions of Ghana (With a Map)

Click here to take the quiz!

General Stats

  • This quiz has been taken 59 times
  • The average score is 6 of 10

Answers on the Map

Answers color-coded by a green-red scale on the quiz's map according to % correct below.
Loading ...
 

Answer Stats

Region% Correct
Northern
71%
Central
68%
Eastern
68%
Greater Accra
64%
Western
61%
Ashanti
57%
Upper East
54%
Upper West
54%
Volta
54%
Brong-Ahafo
29%

Score Distribution

Percentile by Number Answered

Percent of People with Each Score

Your Score History

You have not taken this quiz